[Event "SR 5. liga SE-SI 2018/2019"]
[Site "?"]
[Date "2018.11.24"]
[Round "3.4"]
[White "Nemeckay, Dominik"]
[Black "Svrcek, Daniel"]
[Result "1/2-1/2"]
[WhiteElo "1480"]
[BlackElo "1323"]
[PlyCount "73"]
[EventDate "2018.??.??"]
[WhiteTeam "Interchess ZÅ  BorskÃ½ MikulÃ¡Å¡"]
[BlackTeam "Å achovÃ½ klub HolÃ­Ä� C"]

1. e4 e6 2. d4 d5 3. e5 c5 4. c3 Nc6 5. Nf3 Bd7 6. Be3 Qb6 7. Qd2 Rc8 8. Be2
cxd4 9. Nxd4 Nxd4 10. Bxd4 Bc5 11. O-O Bxd4 12. cxd4 Ne7 13. Nc3 Nf5 14. Rfd1
O-O 15. b3 Qb4 16. Rac1 Rc7 17. Bg4 Ne7 18. Nb1 Qxd2 19. Nxd2 Rfc8 20. Ra1 Bb5
21. Nf3 Be2 22. Re1 Bxf3 23. Bxf3 Nf5 24. Red1 Rc2 25. Rd3 Rc1+ 26. Rxc1 Rxc1+
27. Bd1 g6 28. g3 Ne7 29. Kf1 Nc6 30. a3 Na5 31. Ke2 Rc7 32. Kd2 b6 33. Rc3
Rxc3 34. Kxc3 Kg7 35. Be2 f6 36. f4 fxe5 37. fxe5 1/2-1/2

[Event "SR 5. liga SE-SI 2018/2019"]
[Site "?"]
[Date "2018.11.24"]
[Round "3.4"]
[White "Datko, Jan"]
[Black "Visvader, Rudolf"]
[Result "1-0"]
[WhiteElo "1199"]
[BlackElo "1324"]
[PlyCount "107"]
[EventDate "2018.??.??"]
[WhiteTeam "Å achovÃ½ klub HolÃ­Ä� C"]
[BlackTeam "Interchess ZÅ  BorskÃ½ MikulÃ¡Å¡"]

1. e4 c5 2. d4 cxd4 3. c3 dxc3 4. Nxc3 g6 5. Bc4 Bg7 6. Nf3 Nc6 7. O-O e6 8.
Qe2 Nge7 9. Rd1 Bxc3 10. bxc3 a6 11. a4 Qa5 12. Nd4 O-O 13. Ba3 Re8 14. Rdc1
Qc7 15. Ba2 b6 16. Rab1 Rb8 17. c4 Nxd4 18. Qd3 e5 19. Kf1 d6 20. f3 f5 21. c5+
d5 22. exd5 Kg7 23. d6 Qd7 24. dxe7 b5 25. c6 Qc7 26. f4 Be6 27. Bxe6 Nxe6 28.
Bd6 Nxf4 29. Bxc7 Nxd3 30. Bxb8 Kf7 31. Rd1 e4 32. c7 Kxe7 33. axb5 axb5 34.
Rxb5 Rc8 35. Rd5 h5 36. Ke2 Nf4+ 37. Ke3 Nxd5+ 38. Rxd5 g5 39. h4 gxh4 40. Kf4
h3 41. gxh3 h4 42. Rxf5 e3 43. Re5+ Kd7 44. Rxe3 Rf8+ 45. Kg4 Rh8 46. Re5 Kc8
47. Rc5 Kb7 48. c8=Q+ Rxc8 49. Rxc8 Kxc8 50. Bf4 Kd7 51. Kxh4 Ke7 52. Kg5 Kf7
53. Be5 Ke6 54. Ba1 1-0

[Event "SR 5. liga SE-SI 2018/2019"]
[Site "?"]
[Date "2018.11.24"]
[Round "3.4"]
[White "Drinka, Robert"]
[Black "Horak, Viliam"]
[Result "1-0"]
[WhiteElo "1381"]
[BlackElo "1182"]
[PlyCount "101"]
[EventDate "2018.??.??"]
[WhiteTeam "Interchess ZÅ  BorskÃ½ MikulÃ¡Å¡"]
[BlackTeam "Å achovÃ½ klub HolÃ­Ä� C"]

1. e4 e5 2. Nf3 Nc6 3. Bc4 Nf6 4. d3 d6 5. Bg5 Bg4 6. Nbd2 Be7 7. c3 h6 8. Bh4
O-O 9. Nf1 Re8 10. Ne3 Be6 11. Bxe6 fxe6 12. Qb3 d5 13. Bxf6 Bxf6 14. Qxb7 Qd7
15. exd5 exd5 16. Qb3 Red8 17. Rb1 Rab8 18. Qa4 Rb7 19. O-O Rdb8 20. b4 Qe6 21.
Qb3 Ne7 22. Rfe1 c6 23. h3 Ng6 24. Ng4 a5 25. a3 axb4 26. axb4 Re8 27. Nxf6+
Qxf6 28. c4 d4 29. Nxd4 Rf8 30. Nf3 Nh4 31. Nxh4 Qxf2+ 32. Kh1 Qxh4 33. Rf1 c5
34. b5 Rbf7 35. Rxf7 Rxf7 36. b6 Rb7 37. Qa4 Qe7 38. Qc6 Kf7 39. Rf1+ Kg8 40.
Kh2 Rd7 41. Qc8+ Kh7 42. Re1 Rb7 43. Qf5+ Kg8 44. Rxe5 Qd6 45. Kh1 Qf6 46. Qc8+
Kh7 47. Qxb7 Qf1+ 48. Kh2 Qf4+ 49. g3 Qxe5 50. Qe4+ Qxe4 51. dxe4 1-0

[Event "SR 5. liga SE-SI 2018/2019"]
[Site "?"]
[Date "2018.11.24"]
[Round "3.4"]
[White "Sefcik, Oliver"]
[Black "Buraj, Patrik"]
[Result "1-0"]
[WhiteElo "1139"]
[BlackElo "1121"]
[PlyCount "37"]
[EventDate "2018.??.??"]
[WhiteTeam "Å achovÃ½ klub HolÃ­Ä� C"]
[BlackTeam "Interchess ZÅ  BorskÃ½ MikulÃ¡Å¡"]

1. e4 e5 2. Bc4 Nf6 3. d3 Nc6 4. Nc3 Bb4 5. f4 d6 6. Nf3 Bg4 7. h3 Bxf3 8. Qxf3
Nd4 9. Qf2 O-O 10. Be3 c5 11. O-O Qd7 12. Nd5 b5 13. Nxf6+ gxf6 14. Bd5 Rac8
15. c3 Nc6 16. cxb4 Nxb4 17. fxe5 Nxd3 18. Qxf6 Nxe5 19. Bh6 1-0

[Event "SR 5. liga SE-SI 2018/2019"]
[Site "?"]
[Date "2018.12.08"]
[Round "4.1"]
[White "Visvader, Kristof"]
[Black "Kaufman, Robert"]
[Result "1/2-1/2"]
[WhiteElo "1367"]
[BlackElo "1373"]
[PlyCount "66"]
[EventDate "2018.??.??"]
[WhiteTeam "Interchess ZÅ  BorskÃ½ MikulÃ¡Å¡"]
[BlackTeam "CVÄŒ Senica D"]

1. e4 e5 2. Nf3 Nc6 3. Bb5 a6 4. Bxc6 dxc6 5. d4 exd4 6. Qxd4 Bg4 7. Qxd8+ Rxd8
8. Ke2 Bc5 9. Be3 Bxe3 10. Kxe3 Nf6 11. h3 Bh5 12. Nc3 Bg6 13. Nh4 O-O 14. Nxg6
fxg6 15. f3 Rfe8 16. Rad1 Nd5+ 17. Kf2 Nb4 18. Rxd8 Rxd8 19. Rd1 Rxd1 20. Nxd1
Nxc2 21. Nc3 Kf7 22. Ke2 Ke6 23. Kd2 Nd4 24. Kd3 Nb5 25. f4 Nxc3 26. bxc3 b5
27. Kd4 h5 28. h4 Kd6 29. e5+ Ke6 30. Kc5 Kd7 31. c4 Ke6 32. Kd4 Kd7 33. Kc5
Ke6 1/2-1/2

[Event "SR 5. liga SE-SI 2018/2019"]
[Site "?"]
[Date "2018.12.08"]
[Round "4.1"]
[White "Bazovsky, Max"]
[Black "Visvader, Rudolf"]
[Result "0-1"]
[WhiteElo "1300"]
[BlackElo "1295"]
[PlyCount "103"]
[EventDate "2018.??.??"]
[WhiteTeam "CVÄŒ Senica D"]
[BlackTeam "Interchess ZÅ  BorskÃ½ MikulÃ¡Å¡"]

1. d4 d5 2. e3 Nf6 3. Bd3 b6 4. Nd2 Ba6 5. c4 Qd7 6. Qe2 e6 7. a3 g6 8. Ngf3
Nc6 9. b4 Bb7 10. c5 Bg7 11. b5 Na5 12. c6 Bxc6 13. Ne5 Qd6 14. bxc6 O-O 15.
Bb5 Ne4 16. Nxe4 dxe4 17. Nc4 Nxc4 18. Qxc4 f5 19. a4 Rf6 20. Ba3 Qd8 21. Rd1
Bf8 22. Bb2 Qd5 23. Qc3 a5 24. O-O Bb4 25. Qc4 Rff8 26. Bc3 Qxc4 27. Bxc4 Bxc3
28. f3 exf3 29. Rxf3 Kg7 30. Kf2 Rfd8 31. Rd3 Bb4 32. Ke2 Rd6 33. Bb5 h5 34. h4
Kh6 35. Rd1 Rf8 36. Rc1 Rg8 37. Rg3 Rdd8 38. Kf3 Bd6 39. Rg5 e5 40. Bc4 Rgf8
41. d5 e4+ 42. Kf2 f4 43. Ke2 fxe3 44. Kxe3 Bf4+ 45. Kxe4 Bxc1 46. Re5 Rf4+ 47.
Kd3 Rxh4 48. Re7 Bf4 49. Re4 Rg4 50. Bb3 Rg3+ 51. Kc4 Bd6 52. Rf4 0-1

[Event "SR 5. liga SE-SI 2018/2019"]
[Site "?"]
[Date "2018.12.08"]
[Round "4.1"]
[White "Buraj, Patrik"]
[Black "Kaufman, Roman"]
[Result "1-0"]
[WhiteElo "1121"]
[BlackElo "1000"]
[PlyCount "95"]
[EventDate "2018.??.??"]
[WhiteTeam "Interchess ZÅ  BorskÃ½ MikulÃ¡Å¡"]
[BlackTeam "CVÄŒ Senica D"]

1. e4 e5 2. Nf3 Nc6 3. Bb5 Bc5 4. Nc3 Nf6 5. d3 d6 6. Bg5 a6 7. Ba4 Be6 8. Nd5
Bxd5 9. exd5 b5 10. Bxb5 axb5 11. dxc6 O-O 12. d4 exd4 13. Nxd4 Re8+ 14. Kf1
Qe7 15. Nxb5 Rab8 16. Nc3 Qe5 17. Bxf6 Qxf6 18. Qf3 Qd4 19. Rd1 Qc4+ 20. Kg1
Rxb2 21. h3 Rxc2 22. Nd5 Rxf2 23. Qg4 Rd2+ 24. Kh2 Qxd5 25. Rhe1 Kf8 26. Qd7
Ra8 27. Rxd2 Qxd2 28. Rf1 f6 29. a4 Bf2 30. Qxc7 Qf4+ 31. Kh1 Qd4 32. Qb7 Re8
33. c7 Qc4 34. Rxf2 Re1+ 35. Kh2 Re8 36. a5 g5 37. Rxf6+ Kg8 38. Rxd6 Qf4+ 39.
g3 Re2+ 40. Qg2 Rxg2+ 41. Kxg2 Qxd6 42. c8=Q+ Kg7 43. Qb7+ Kh6 44. Qb6 Qxb6 45.
axb6 Kg6 46. b7 h6 47. b8=Q Kh5 48. Qe8# 1-0

[Event "SR 5. liga SE-SI 2018/2019"]
[Site "?"]
[Date "2018.12.08"]
[Round "4.1"]
[White "Kaufmanova, Karin"]
[Black "Kafka, Ludovit"]
[Result "1-0"]
[WhiteElo "1000"]
[BlackElo "1000"]
[PlyCount "105"]
[EventDate "2018.??.??"]
[WhiteTeam "CVÄŒ Senica D"]
[BlackTeam "Interchess ZÅ  BorskÃ½ MikulÃ¡Å¡"]

1. e4 Nf6 2. Nc3 Nc6 3. Nf3 d5 4. exd5 Nb4 5. Bc4 Bg4 6. d3 c6 7. dxc6 bxc6 8.
Bg5 Qb6 9. Be3 c5 10. Bb5+ Nd7 11. Bxd7+ Bxd7 12. Ne5 f6 13. Nc4 Qc6 14. Qf3
Qxf3 15. gxf3 e5 16. a3 Nxc2+ 17. Kd2 Nxa1 18. Rxa1 O-O-O 19. b4 Bh3 20. Nb5
Kb7 21. Bxc5 Be6 22. Nbd6+ Bxd6 23. Nxd6+ Kc6 24. Ne4 Rd7 25. Rc1 Rhd8 26. Be7+
Kb7 27. Bxd8 Rxd8 28. Nc5+ Kb6 29. Nxe6 Rd5 30. Nc7 Rd7 31. Ne6 g6 32. a4 h5
33. a5+ Kb5 34. Rc7 Rxc7 35. Nxc7+ Kxb4 36. a6 Ka5 37. Ke3 Kb6 38. f4 Kxc7 39.
fxe5 fxe5 40. Ke4 Kb6 41. Kxe5 Kxa6 42. d4 Kb6 43. d5 a5 44. d6 Kc6 45. Ke6 a4
46. d7 Kc7 47. Ke7 a3 48. d8=Q+ Kc6 49. Qa5 g5 50. Qxa3 g4 51. f3 Kd5 52. fxg4
hxg4 53. Qe3 1-0

[Event "SR 5. liga SE-SI 2018/2019"]
[Site "?"]
[Date "2018.12.08"]
[Round "4.2"]
[White "Davidik, Miroslav"]
[Black "Holiencin, Filip"]
[Result "1/2-1/2"]
[WhiteElo "1408"]
[BlackElo "1701"]
[PlyCount "25"]
[EventDate "2018.??.??"]
[WhiteTeam "Å K Skalica D"]
[BlackTeam "Å achovÃ½ klub HolÃ­Ä� C"]

1. b4 e5 2. Bb2 Bxb4 3. Bxe5 Nf6 4. a3 d6 5. Bb2 Ba5 6. h3 Nc6 7. Nf3 O-O 8. e3
Ne4 9. Be2 Bd7 10. c4 Bf5 11. g4 Bd7 12. Qc2 Qe7 13. Rg1 1/2-1/2

[Event "SR 5. liga SE-SI 2018/2019"]
[Site "?"]
[Date "2018.12.08"]
[Round "4.2"]
[White "Benak, Peter"]
[Black "Drabek, Martin"]
[Result "1-0"]
[WhiteElo "1655"]
[BlackElo "1450"]
[PlyCount "95"]
[EventDate "2018.??.??"]
[WhiteTeam "Å achovÃ½ klub HolÃ­Ä� C"]
[BlackTeam "Å K Skalica D"]

1. c4 e5 2. Nc3 Nf6 3. g3 a6 4. Bg2 Bc5 5. e3 d6 6. Nge2 Nc6 7. O-O Bg4 8. a3
h6 9. b4 Ba7 10. Bb2 O-O 11. Nd5 Be6 12. d4 Rb8 13. dxe5 Nxe5 14. Qc2 c6 15.
Nxf6+ gxf6 16. c5 dxc5 17. bxc5 Qd3 18. Qxd3 Nxd3 19. Bxf6 Bxc5 20. Be4 Bc4 21.
Rfd1 Nb2 22. Rd2 Bxe2 23. Rxe2 Rfe8 24. Bf5 Nc4 25. Rc1 b5 26. a4 Be7 27. Bxe7
Rxe7 28. axb5 cxb5 29. Ra2 Ra7 30. Bd3 Ne5 31. Be4 b4 32. Ra5 Nd7 33. Rc6 b3
34. Rxh6 Rb5 35. Raxa6 Rxa6 36. Rxa6 Nc5 37. Ra8+ Kg7 38. Bb1 b2 39. Kf1 Nb3
40. Ke2 Rd5 41. Rb8 Nc1+ 42. Ke1 Nd3+ 43. Bxd3 Rxd3 44. Rxb2 Ra3 45. Ke2 Ra6
46. Rd2 Rh6 47. h4 Rc6 48. f4 1-0

[Event "SR 5. liga SE-SI 2018/2019"]
[Site "?"]
[Date "2018.12.08"]
[Round "4.2"]
[White "Londinova, Jasmina Marie"]
[Black "Cambal, Peter"]
[Result "1/2-1/2"]
[WhiteElo "1215"]
[BlackElo "1428"]
[PlyCount "40"]
[EventDate "2018.??.??"]
[WhiteTeam "Å K Skalica D"]
[BlackTeam "Å achovÃ½ klub HolÃ­Ä� C"]

1. e4 c5 2. Nf3 d6 3. Nc3 Nf6 4. d4 cxd4 5. Nxd4 Nc6 6. Nf3 g6 7. Bd3 Bg7 8.
O-O O-O 9. h3 Qa5 10. Bd2 Qc7 11. Qc1 Rd8 12. Re1 b6 13. Nd5 Nxd5 14. exd5 Ne5
15. Nxe5 Bxe5 16. Bf4 Bg7 17. c3 Re8 18. Bb5 Bd7 19. Bxd7 Qxd7 20. Qd2 Rac8
1/2-1/2

[Event "SR 5. liga SE-SI 2018/2019"]
[Site "?"]
[Date "2018.12.08"]
[Round "4.2"]
[White "Svrcek, Daniel"]
[Black "Londin, Michal Karol"]
[Result "1-0"]
[WhiteElo "1310"]
[BlackElo "1145"]
[PlyCount "111"]
[EventDate "2018.??.??"]
[WhiteTeam "Å achovÃ½ klub HolÃ­Ä� C"]
[BlackTeam "Å K Skalica D"]

1. e4 e5 2. Nf3 Nc6 3. Bb5 d6 4. d3 Bd7 5. c3 Nf6 6. Bg5 Be7 7. O-O O-O 8. Nbd2
a6 9. Ba4 b5 10. Bb3 Bg4 11. Re1 h6 12. Bh4 a5 13. a3 Re8 14. Nf1 g5 15. Bg3 a4
16. Ba2 Qd7 17. Ne3 Bh5 18. Nf5 Kh7 19. Qe2 g4 20. Qe3 Ng8 21. N3h4 Bg5 22. Qe2
Bf4 23. Rf1 Nge7 24. Bxf4 exf4 25. g3 Nxf5 26. Nxf5 Ne5 27. Kh1 Re6 28. Bxe6
Qxe6 29. Nd4 c5 30. Nxb5 d5 31. exd5 Qxd5+ 32. Qe4+ Qxe4+ 33. dxe4 Rb8 34. Nc7
Rxb2 35. Nd5 fxg3 36. hxg3 Bg6 37. Nf6+ Kg7 38. Ne8+ Kf8 39. Nd6 Rb6 40. Rfd1
Rb2 41. Kg2 Ke7 42. Nf5+ Ke8 43. Rd5 Nf3 44. Rxc5 Re2 45. Rd1 Ne1+ 46. Kf1
Rxf2+ 47. Kxf2 Nd3+ 48. Rxd3 f6 49. Rc8+ Kf7 50. Rd6 Bxf5 51. exf5 Ke7 52. Ra6
Kd7 53. Rh8 Kc7 54. Rh7+ Kb8 55. Rxf6 Kc8 56. Rf8# 1-0

[Event "SR 5. liga SE-SI 2018/2019"]
[Site "?"]
[Date "2018.12.08"]
[Round "4.2"]
[White "Paksi, Alexander"]
[Black "Datko, Jan"]
[Result "0-1"]
[WhiteElo "1000"]
[BlackElo "1226"]
[PlyCount "130"]
[EventDate "2018.??.??"]
[WhiteTeam "Å K Skalica D"]
[BlackTeam "Å achovÃ½ klub HolÃ­Ä� C"]

1. e4 e5 2. Nf3 Nc6 3. Nc3 Nf6 4. d4 Bb4 5. dxe5 Nxe4 6. Bd2 Nxc3 7. Bxc3 Bxc3+
8. bxc3 O-O 9. Bc4 Qe7 10. Qe2 Re8 11. O-O d6 12. Rfe1 dxe5 13. Bb5 Bd7 14.
Bxc6 Bxc6 15. Qxe5 Qf8 16. Qf4 Bxf3 17. Qxf3 c6 18. h3 h6 19. Rxe8 Rxe8 20. Rb1
Re7 21. Qd3 Qe8 22. Rd1 Re1+ 23. Rxe1 Qxe1+ 24. Kh2 Qxf2 25. Qd8+ Kh7 26. Qc7
Qxc2 27. Qxb7 Qxc3 28. Qxa7 Qe5+ 29. Kh1 f6 30. Qa6 c5 31. Qd3+ Kg8 32. Qd8+
Kf7 33. Qd7+ Qe7 34. Qd5+ Qe6 35. Qxc5 Qxa2 36. Qc7+ Kg6 37. Qg3+ Kh7 38. Qd3+
Kh8 39. Qd8+ Qg8 40. Qxg8+ Kxg8 41. g3 Kf7 42. Kg2 g5 43. Kf3 h5 44. Ke3 Ke6
45. Kf3 Ke5 46. Ke3 g4 47. h4 f5 48. Kd3 f4 49. gxf4+ Kxf4 50. Ke2 Kg3 51. Kf1
Kxh4 52. Kg2 Kg5 53. Kh2 Kf4 54. Kg2 h4 55. Kh2 Kf3 56. Kg1 g3 57. Kh1 h3 58.
Kg1 g2 59. Kh2 Kf2 60. Kxh3 g1=Q 61. Kh4 Kf3 62. Kh5 Kf4 63. Kh6 Kf5 64. Kh7
Kf6 65. Kh8 Qg7# 0-1

[Event "SR 5. liga SE-SI 2018/2019"]
[Site "?"]
[Date "2018.12.08"]
[Round "4.3"]
[White "Hrdlicka, Martin"]
[Black "Kanka, Tomas"]
[Result "0-1"]
[WhiteElo "1443"]
[BlackElo "1730"]
[PlyCount "56"]
[EventDate "2018.??.??"]
[WhiteTeam "CVÄŒ Senica C"]
[BlackTeam "Å K Nafta Gbely D"]

1. e4 c5 2. Nf3 Nc6 3. d4 cxd4 4. Nxd4 e5 5. Nf3 Nf6 6. Nbd2 Bc5 7. Bc4 O-O 8.
O-O a6 9. Qe2 d6 10. h3 h6 11. Rd1 Be6 12. Nb3 Bb6 13. Bd2 Qe7 14. Bc3 Bxc4 15.
Qxc4 Rac8 16. Qe2 Rfd8 17. Re1 Nh7 18. Rad1 Qf6 19. Rd3 Nf8 20. Red1 Ng6 21.
R3d2 Nf4 22. Qf1 Nxh3+ 23. gxh3 Qxf3 24. Re1 Ne7 25. Rd3 Qf4 26. Qg2 Ng6 27.
Rg3 Kh8 28. Bd2 Qf6 0-1

[Event "SR 5. liga SE-SI 2018/2019"]
[Site "?"]
[Date "2018.12.08"]
[Round "4.3"]
[White "Hyza, Richard"]
[Black "Nater, Nikolas"]
[Result "0-1"]
[WhiteElo "1292"]
[BlackElo "1272"]
[PlyCount "104"]
[EventDate "2018.??.??"]
[WhiteTeam "Å K Nafta Gbely D"]
[BlackTeam "CVÄŒ Senica C"]

1. e4 e5 2. Nf3 Nc6 3. Bc4 Bc5 4. d3 d6 5. Nc3 Nf6 6. Bg5 Bb4 7. h3 Be6 8. Bb3
h6 9. Bh4 g5 10. Bg3 Qe7 11. O-O O-O-O 12. Qe2 g4 13. Bxe6+ fxe6 14. hxg4 Nxg4
15. Nh4 Qg7 16. f3 Nd4 17. Qd2 Ne3 18. Bf2 Nxf1 19. Kxf1 Qg5 20. Qxg5 hxg5 21.
Ng6 Rh1+ 22. Bg1 Bc5 23. Rc1 Nxf3 24. Ke2 Nxg1+ 25. Kd2 Rh2 26. Rd1 Rxg2+ 27.
Kc1 Ne2+ 28. Nxe2 Rxe2 29. Kb1 Kd7 30. a3 Rg8 31. Nxe5+ dxe5 32. Ka2 g4 33. c3
g3 34. d4 exd4 35. cxd4 Bd6 36. e5 g2 37. exd6 g1=Q 38. Rxg1 Rxg1 39. Kb3 Rc1
40. Ka2 Kxd6 41. Kb3 c5 42. dxc5+ Kxc5 43. a4 Re3+ 44. Ka2 Kb4 45. a5 Kxa5 46.
b3 Kb4 47. Kb2 Rxb3+ 48. Kxc1 Kc3 49. Kd1 Rb2 50. Kc1 Rd2 51. Kb1 Rg2 52. Ka1
Kb3 0-1

[Event "SR 5. liga SE-SI 2018/2019"]
[Site "?"]
[Date "2018.12.08"]
[Round "4.3"]
[White "Valent, Tomas"]
[Black "Ralbovsky, Dominik"]
[Result "1-0"]
[WhiteElo "1226"]
[BlackElo "1121"]
[PlyCount "83"]
[EventDate "2018.??.??"]
[WhiteTeam "CVÄŒ Senica C"]
[BlackTeam "Å K Nafta Gbely D"]

1. e4 e5 2. Nf3 f5 3. d3 d6 4. Nc3 Nf6 5. exf5 Bxf5 6. Be2 Be7 7. Bg5 O-O 8.
Bxf6 Bxf6 9. Qd2 c6 10. Ne4 d5 11. Nxf6+ Qxf6 12. O-O Nd7 13. Qb4 a5 14. Qc3 b6
15. a4 Bg4 16. Rfe1 e4 17. dxe4 Qxc3 18. bxc3 Rae8 19. exd5 cxd5 20. Bb5 Rxe1+
21. Nxe1 Nc5 22. Nd3 Rd8 23. Re1 Bf5 24. Re5 Bg6 25. h4 Kf7 26. h5 Nxd3 27.
hxg6+ Kf6 28. Re8 Rxe8 29. Bxe8 hxg6 30. cxd3 Ke7 31. Bxg6 b5 32. d4 bxa4 33.
Bb1 Kd7 34. Ba2 Kc6 35. Kf1 Kd6 36. Ke1 Ke6 37. g4 g5 38. Kd2 Kd6 39. Kc2 Kd7
40. Kb2 Ke7 41. Ka3 Kf6 42. Kxa4 1-0

[Event "SR 5. liga SE-SI 2018/2019"]
[Site "?"]
[Date "2018.12.08"]
[Round "4.3"]
[White "Lanza, Matej"]
[Black "Barancik, Filip"]
[Result "1/2-1/2"]
[WhiteElo "1215"]
[BlackElo "1000"]
[PlyCount "168"]
[EventDate "2018.??.??"]
[WhiteTeam "Å K Nafta Gbely D"]
[BlackTeam "CVÄŒ Senica C"]

1. d4 d5 2. Nc3 e6 3. Nf3 c5 4. dxc5 Bxc5 5. e3 a6 6. Bd3 Nc6 7. a3 a5 8. Qe2
Nge7 9. Bd2 e5 10. Bb5 e4 11. Ne5 Qd6 12. Na4 Qxe5 13. Bxc6+ bxc6 14. Nxc5 Qxb2
15. Qd1 Qb5 16. Nb3 c5 17. a4 Qb6 18. O-O Ba6 19. Bxa5 Qd6 20. Re1 Bc4 21. Qd2
Nc6 22. Bb6 Nb4 23. Bxc5 Qc7 24. Qxb4 Rb8 25. Bd6 Rxb4 26. Bxc7 Rb7 27. Be5 O-O
28. Nc5 Ra7 29. a5 Rc8 30. Bd4 Rac7 31. Na4 Ra8 32. Nb6 Ra6 33. Be5 Rc5 34. Bc3
Bb5 35. Reb1 Rxc3 36. Rxb5 Rxc2 37. Rxd5 h6 38. h3 g5 39. Nd7 Rc7 40. Nc5 Rac6
41. Nxe4 Rc1+ 42. Rxc1 Rxc1+ 43. Kh2 Ra1 44. Rd8+ Kg7 45. Ra8 f5 46. Nc3 Rf1
47. f3 h5 48. Ra7+ Kf6 49. a6 Ra1 50. Ra8 Ke6 51. Nb5 Ra5 52. Nc7+ Kd7 53. Ra7
Kc6 54. Ne6 Kb6 55. Rf7 Kxa6 56. Nxg5 f4 57. Rf6+ Kb7 58. Ne4 fxe3 59. Nd6+ Kc7
60. f4 Ra6 61. Ne8+ Kb7 62. Rxa6 Kxa6 63. Kg1 Kb5 64. f5 Kc4 65. f6 Kd3 66. f7
e2 67. f8=Q e1=Q+ 68. Kh2 Qe5+ 69. Kh1 Qe1+ 70. Kh2 Qe5+ 71. Kg1 Qe1+ 72. Qf1+
Qxf1+ 73. Kxf1 Ke3 74. Nf6 h4 75. Nh5 Ke4 76. g3 hxg3 77. Nxg3+ Kf3 78. h4 Kg4
79. h5 Kg5 80. Kg2 Kh6 81. Kh3 Kg5 82. Kh2 Kh6 83. Kh3 Kg5 84. Nf5 Kxh5 1/2-1/2

[Event "SR 5. liga SE-SI 2018/2019"]
[Site "?"]
[Date "2018.12.08"]
[Round "4.3"]
[White "Otepka, Peter"]
[Black "Vyrubal, Ondrej"]
[Result "1-0"]
[WhiteElo "1050"]
[BlackElo "1000"]
[PlyCount "79"]
[EventDate "2018.??.??"]
[WhiteTeam "CVÄŒ Senica C"]
[BlackTeam "Å K Nafta Gbely D"]

1. e4 e5 2. Nf3 Nc6 3. Bc4 Nf6 4. Nc3 Bb4 5. d3 d6 6. Bg5 Bg4 7. O-O Bc5 8. Nd5
h6 9. Nxf6+ gxf6 10. Be3 Qd7 11. c3 O-O-O 12. Qc2 Rhg8 13. d4 Bh3 14. Nh4 Bxg2
15. Nxg2 Rxg2+ 16. Kh1 h5 17. Rg1 Rdg8 18. Be2 h4 19. Bf3 h3 20. Bxg2 hxg2+ 21.
Rxg2 Qh3 22. Rag1 exd4 23. cxd4 Nxd4 24. Bxd4 Bxd4 25. Qd2 Rh8 26. Qxd4 Qf3 27.
Qxa7 Kd7 28. Qa4+ Kc8 29. Qa3 Qxe4 30. Qa8+ Kd7 31. Qxh8 Qe7 32. Rg8 Qe4+ 33.
R8g2 Qe7 34. h4 f5 35. f3 f4 36. Qh5 Qe6 37. Qg4 f5 38. Qg7+ Kc6 39. Rc2+ Kd5
40. Rd1# 1-0

[Event "SR 5. liga SE-SI 2018/2019"]
[Site "?"]
[Date "2018.12.08"]
[Round "4.4"]
[White "Jakubec, Milan"]
[Black "Wallner, Juraj"]
[Result "1-0"]
[WhiteElo "2018"]
[BlackElo "1571"]
[PlyCount "57"]
[EventDate "2018.??.??"]
[WhiteTeam "Å O Spartak Myjava"]
[BlackTeam "Å K Å tefanov B"]

1. e4 c5 2. Nf3 e6 3. d4 d5 4. exd5 exd5 5. dxc5 Bxc5 6. Bb5+ Nc6 7. O-O Nf6 8.
Ne5 Bd7 9. Nxd7 Qxd7 10. Re1+ Be7 11. Nd2 O-O 12. Nf3 a6 13. Ne5 Qc7 14. Nxc6
bxc6 15. Bd3 Bd6 16. g3 c5 17. c3 c4 18. Bc2 Rfe8 19. Rxe8+ Rxe8 20. Bg5 Nd7
21. Qxd5 h6 22. Be3 Nf6 23. Qd2 Rd8 24. Rd1 Be7 25. Qe2 Nd5 26. Bc1 Bf6 27. Qe4
Qe5 28. Qxe5 Bxe5 29. Be4 1-0

[Event "SR 5. liga SE-SI 2018/2019"]
[Site "?"]
[Date "2018.12.08"]
[Round "4.4"]
[White "Novomeska, Karin"]
[Black "Otepka, Vladimir"]
[Result "1/2-1/2"]
[WhiteElo "1207"]
[BlackElo "1733"]
[PlyCount "59"]
[EventDate "2018.??.??"]
[WhiteTeam "Å K Å tefanov B"]
[BlackTeam "Å O Spartak Myjava"]

1. e4 c5 2. Nf3 d6 3. Nc3 Nf6 4. Bc4 Nc6 5. d3 a6 6. Bg5 e6 7. O-O Be7 8. Re1
Qc7 9. Qd2 b5 10. Bb3 Bb7 11. a3 O-O 12. Re2 Rfd8 13. Rae1 Rd7 14. h3 Rad8 15.
Qe3 Nh5 16. Bxe7 Nxe7 17. e5 g6 18. g4 Ng7 19. h4 Bxf3 20. Qxf3 Nc6 21. Qg3
Nxe5 22. h5 h6 23. f4 Nc6 24. hxg6 fxg6 25. Bxe6+ Nxe6 26. Rxe6 Kg7 27. f5 Ne5
28. fxg6 Nxg6 29. g5 h5 30. Qf3 1/2-1/2

[Event "SR 5. liga SE-SI 2018/2019"]
[Site "?"]
[Date "2018.12.08"]
[Round "4.4"]
[White "Kiss, Andrej"]
[Black "Tomasovic, Pavol"]
[Result "1-0"]
[WhiteElo "1718"]
[BlackElo "1268"]
[PlyCount "41"]
[EventDate "2018.??.??"]
[WhiteTeam "Å O Spartak Myjava"]
[BlackTeam "Å K Å tefanov B"]

1. e4 d6 2. d4 Nf6 3. Nc3 g6 4. Nf3 Bg7 5. Bc4 O-O 6. O-O Nfd7 7. Be3 c5 8. Qd2
Nc6 9. d5 Nce5 10. Be2 Nxf3+ 11. Bxf3 Ne5 12. Be2 Ng4 13. Bxg4 Bxg4 14. Bh6
Bxh6 15. Qxh6 e6 16. f3 Bh5 17. g4 Bxg4 18. fxg4 exd5 19. Nxd5 Re8 20. Nf6+ Kh8
21. Qxh7# 1-0

[Event "SR 5. liga SE-SI 2018/2019"]
[Site "?"]
[Date "2018.12.08"]
[Round "4.4"]
[White "Novomesky, Roman"]
[Black "Knapek, Adrian"]
[Result "0-1"]
[WhiteElo "1000"]
[BlackElo "1437"]
[PlyCount "64"]
[EventDate "2018.??.??"]
[WhiteTeam "Å K Å tefanov B"]
[BlackTeam "Å O Spartak Myjava"]

1. e4 e5 2. Nf3 Nc6 3. Bc4 h6 4. c3 Nf6 5. d3 Be7 6. O-O O-O 7. Re1 d6 8. h3 a6
9. Be3 Na5 10. Nbd2 Nxc4 11. Nxc4 Be6 12. Qb3 b5 13. Nfd2 bxc4 14. Nxc4 d5 15.
exd5 Nxd5 16. Qc2 Nxe3 17. Nxe3 Bd6 18. b3 Qg5 19. f3 Bxh3 20. Kf1 Be6 21. Ke2
Bc5 22. Kd1 Bxe3 23. Qe2 Bf4 24. d4 Rfd8 25. Kc2 exd4 26. Rad1 dxc3 27. Rxd8+
Rxd8 28. Rd1 Rd2+ 29. Rxd2 Bxd2 30. b4 Qd5 31. Qxa6 Bf5+ 32. Kd1 c2+ 0-1

[Event "SR 5. liga SE-SI 2018/2019"]
[Site "?"]
[Date "2018.12.08"]
[Round "4.4"]
[White "Belak, Michal"]
[Black "Vozar, Adam"]
[Result "0-1"]
[WhiteElo "1000"]
[BlackElo "1039"]
[PlyCount "62"]
[EventDate "2018.??.??"]
[WhiteTeam "Å O Spartak Myjava"]
[BlackTeam "Å K Å tefanov B"]

1. c4 e5 2. Nc3 Nc6 3. g3 Nf6 4. Bg2 Bb4 5. Qc2 O-O 6. Nf3 Re8 7. d3 h6 8. O-O
d6 9. a3 Ba5 10. b4 Bb6 11. Bb2 Bg4 12. Rab1 Qd7 13. Na4 Nd4 14. Nxd4 Bxd4 15.
Bxb7 Rab8 16. Bg2 Bxb2 17. Nxb2 Bh3 18. Rfe1 Qf5 19. Qa4 Ng4 20. Rf1 Bxg2 21.
Kxg2 Ra8 22. h3 Nf6 23. Qd1 e4 24. Qc1 exd3 25. exd3 Re2 26. c5 Rc8 27. cxd6
cxd6 28. Qd1 Rcc2 29. g4 Rxf2+ 30. Kg3 Rg2+ 31. Kh4 Qg5# 0-1

[Event "SR 5. liga SE-SI 2018/2019"]
[Site "?"]
[Date "2019.01.12"]
[Round "5.1"]
[White "Novomeska, Karin"]
[Black "Drozd, Jan"]
[Result "1-0"]
[WhiteElo "1220"]
[BlackElo "1525"]
[PlyCount "77"]
[EventDate "2018.??.??"]
[WhiteTeam "Å K Å tefanov B"]
[BlackTeam "CVÄŒ Senica D"]

1. d4 Nf6 2. c4 e6 3. Bg5 Be7 4. Nc3 d5 5. e3 Nbd7 6. Nf3 c5 7. cxd5 exd5 8.
Bb5 O-O 9. Bxd7 Nxd7 10. Bxe7 Qxe7 11. Nxd5 Qd6 12. Nc3 cxd4 13. Qxd4 Qg6 14.
O-O Nf6 15. Nd5 Nxd5 16. Qxd5 Qf6 17. b3 Rd8 18. Qe4 h6 19. Rad1 Qb6 20. Rxd8+
Qxd8 21. h3 Qc7 22. Qe8+ Kh7 23. Rd1 Qc2 24. Rd2 Qc1+ 25. Kh2 Qc7+ 26. g3 b6
27. Rd8 Bb7 28. Rxa8 Bxf3 29. Rc8 Qb7 30. Rc1 a6 31. Qc8 Qd5 32. Qc4 Qd7 33.
Qc2+ g6 34. Qc7 Qd5 35. Qc4 Qd7 36. Qf4 Bd5 37. Rd1 Qb7 38. Qe5 Bf3 39. Rd8 1-0